000 01631cam a22003251 4500
001 e 42000250
003 DLC
005 20260227111231.0
008 850821s1942 dcu bl f000 0 eng c
010 _ae 42000250
035 _a(OCoLC)12409639
040 _aU.S. Off. of Educ. Library
_cCLU
_dCLU
_dDLC
042 _apremarc
050 0 0 _aLC1045
_b.A25 no. 220
082 _a331.0973
110 1 _aUnited States.
_bOffice of Education.
245 1 4 _aThe worker, his job, and his government;
_ban introduction to federal labor laws,
_cprepared jointly by U.S. Office of Education, Federal Security Agency and Division of Labor Standards, United States Department of Labor. Federal Security Agency, Paul V. McNutt, administrator. U.S. Office of Education, John W. Studebaker, commissioner.
260 _aWashington,
_bU.S. Govt. Print. Off.,
_c1942.
300 _ax, 63 p.
_c23 cm.
490 1 _aIts Vocational division bulletin
_vno. 220. Defense training series no. 1
500 _a"Prepared by Agnes Martocci ... in collaboration with Jean Flexner, Mary Dahl, Val Lorwin, and Marian Mel."--Foreword.
500 _aBound with Vocational Division bulletin no. 221-no. 228 subsequent to publication.
504 _aBibliography at end of each chapter.
650 0 _aLabor laws and legislation
_zUnited States.
650 0 _aLabor and laboring classes
_zUnited States.
710 1 _aUnited States.
_bBureau of Labor Standards.
700 1 _aMartocci, Agnes.
700 1 _aFlexner, Jean Atherton.
810 1 _aUnited States.
_bOffice of Education.
_tVocational division bulletin
_vno. 220. Defense training series no. 1.
999 _c21879
_d21879